000 00859nam a2200217 a 4500
001 84718
003 BD-RjUL
005 20250224105926.0
008 250224s1973 ii ||||| |||| 00| 0 ben d
035 _a(BD-RjUL)84718
040 _aBD-RjUL
_bben
_cBD-RjUL
041 _aben
082 _223
_a491.443
_bCOL 1973
245 0 0 _aচলন্তিকা :
_bআধুনিক বঙ্গভাষার অভিধান /
_cরাজশেখর বসু, সংকলক
260 _aকলিকাতা:
_bএম সি, সরকার,
_c১৩৮০, [১৯৭৩]
300 _a৭৩০, ৯৬পৃ. ;
_c১৭ সেমি.
650 _aবাংলা ভাষা
_vঅভিধান
_9137359
650 _aBengali language
_vDictionaries
_9137360
700 _aবসু, রাজশেখর, সংকলক
_914910
942 _2ddc
_cBK
999 _c84718
_d84718